Statistics for Top 20 NFL offense players (Through week 10)In my opinion

Click here to take the quiz!

General Stats

  • This quiz has been taken 39 times
  • The average score is 12 of 20

Answer Stats

HintAnswer% Correct
1.Patrick Mahomes
100%
13.Aaron Rodgers
86%
9.Travis Kelce
83%
10.Tyreek Hill
83%
11.Derrick Henry
81%
16.Tom Brady
78%
12.Devante Adams
75%
8.Josh Allen
75%
6.Russell Wilson
72%
7.Stefon Diggs
67%
4.DeAndre Hopkins
64%
3.Dalvin Cook
58%
2.Kyler Murray
50%
14.D.K. Metcalf
47%
5.Alvin Kamara
44%
17.Josh Jacobs
36%
19.Matt Ryan
33%
20.Ben Roethlisberger
31%
18.James Robinson
31%
15.Terry Mclaurin
6%

Score Distribution

Percentile by Number Answered

Percent of People with Each Score

Your Score History

You have not taken this quiz